Statystyki dla 10 najgorszych dyktatorów w historii świata Dla Ignacego <3

Kliknij tutaj aby rozwiązać quiz!

Ogólne statystyki

  • Ten quiz został rozwiązany 355 razy
  • Średni wynik to 4 z 10

Statystyki odpowiedzi

.Imiona i Nazwiska% Poprawnych
.Adolf Hitler
99%
.Józef Stalin
95%
.Mao Zedong
62%
.Pol Pot
38%
.Włodzimierz Lenin
37%
.Kim Ir Sen
32%
.Hideki Tojo
8%
.Czang Kaj-Szek
6%
.Leopold II Koburg
5%
.Ismail Enver
4%

Rozkład punktacji

Percentyl według liczby udzielonych odpowiedzi

Procent ludzi z każdym wynikiem

Twoja historia wyników

Nie rozwiązałeś tego quizu